000 01607nam0a2200301 i 4500
001 RU\NLR\bibl\1938864
005 20260406155304.0
010 _a9785902484363
_91200
021 _aRU
_b2012-58195
_94256
035 _a(NLR Aleph) 001928150
090 _a3398486
_c3398486
100 _a20120830d2012 u y0rusy50 ca
101 0 _arus
102 _aRU
105 _aa |||||||||
200 1 _aИстория России в рассказах для детей
_fА.О. Ишимова
210 _aМосква
_cОбщество сохранения литературного наследия
_d2012
215 _a558 с.
_cил.
_d17
423 0 _12001#$aДержавные Правители России$eрисунки профессора исторической живописи Императорской Академии Художеств В.П. Верещагина с кратким пояснительным текстом
_1700#1$aВерещагин$bВ. П.$f1835-1909$gВасилий Петрович$4070
_1210##$aМосква$d2012
_1215##$aС. 505-543
_tДержавные Правители России
_aВерещагин, Василий Петрович (1835-1909)
607 _aРоссия
_jИздания для детей
_xИстория
_91554184
_3RU\NLR\auth\66979780
686 _aШ9
_bТ3(2)
700 1 _4070
_7ca
_8rus
_aИшимова
_bА. О.
_f1804-1881
_gАлександра Осиповна
_9117464
_3RU\NLR\auth\777531
801 0 _aRU
_bNLR
_c20120830
_gRCR
801 1 _aRU
_bNLR
_c20120830
942 _cBOOK
980 _aNBR